000 00524nam a2200181 i 4500
001 bg
245 0 _aFizika verchnej atmosfery :
_bvyp. 1(34) /
_cPod red. L. A. Kataseva.
260 _aMoskwa :
_bGidrometeoizdat,
_c1972.
300 _as. 176 :
_btab., ilustr.
500 _aTrudy Istitut[a] Eksperimental'noj Meteorologii. Vyp. 1 [34].
500 _a[Alf. ros.].
700 1 _aKATASEV, L. A.
_eRed.
040 _cBPK
041 _apol
080 _a551.510
942 _cKS
008 s pl f |000 0 pol
999 _c15080
_d15080